00478nam a2200157Ia 4500008004100000020001400041082001500055100002200070245004500092250000800137260005600145300002900201500001900230600002100249650005000270240925s9999 xx 000 0 und d a201422883 a005.12 DES aDesfray, Philippe 0aObject engineering: the fourth dimention a4th aWokingham:bAddison-Wily Publishing Companyc,1994. axxiv,668p.bNAfOriginal aIncludes Index aComputer Science aComputer science, information & general works